Catálogo de la Biblioteca Horacio González - Universidad Nacional de General Sarmiento

Juan Moreira (Registro nro. 54308)

Detalles MARC
000 -CABECERA
campo de control de longitud fija 01166ngm a22002890a 4500
001 - NÚMERO DE CONTROL
campo de control PT16385
003 - IDENTIFICADOR DEL NÚMERO DE CONTROL
campo de control AR-LpoUNG
005 - FECHA Y HORA DE LA ÚLTIMA TRANSACCIÓN
campo de control 20210408170803.0
007 - CAMPO FIJO DE DESCRIPCIÓN FÍSICA--INFORMACIÓN GENERAL
campo de control de longitud fija vd cvaizq
008 - DATOS DE LONGITUD FIJA--INFORMACIÓN GENERAL
campo de control de longitud fija 191001s1993||||ag |||||||||||||||||spa d
037 ## - FUENTE DE ADQUISICIÓN
Condiciones de disponibilidad $6.63
040 ## - FUENTE DE LA CATALOGACIÓN
Centro catalogador/agencia de origen AR-LpoUNG
Lengua de catalogación spa
Centro/agencia transcriptor AR-LpoUNG
Normas de descripción aacr
041 ## - CÓDIGO DE LENGUA
Código de lengua del texto/banda sonora o título independiente spa
044 ## - CÓDIGO DEL PAÍS DE LA ENTIDAD EDITORA/PRODUCTORA
Código MARC del país ag
082 0# - NÚMERO DE LA CLASIFICACIÓN DECIMAL DEWEY
Número de clasificación 302.5 118jua
100 1# - ENTRADA PRINCIPAL--NOMBRE DE PERSONA
Nombre de persona Favio, Leonardo
Término indicativo de función/relación dir.
245 10 - MENCIÓN DE TÍTULO
Título Juan Moreira
260 ## - PUBLICACIÓN, DISTRIBUCIÓN, ETC.
Lugar de publicación, distribución, etc. Buenos Aires :
Nombre del editor, distribuidor, etc. Class Video,
Fecha de publicación, distribución, etc. [1993].
300 ## - DESCRIPCIÓN FÍSICA
Extensión VHS (89 min.) : son., col.
505 0# - NOTA DE CONTENIDO CON FORMATO
Nota de contenido con formato Año de realización 1972. Sobre libro de Zuhair Jury
520 ## - SUMARIO, ETC.
Sumario, etc. Juan Moreira es encarcelado por reclamar lo que le corresponde, al ser liberado toma justicia por mano propia, y signa definitivamente su destino, comienzan las persecuciones y se suceden las muertes; se suma a las huestes de Alsina y entra en la -política de comité-, traicionado se pasa al bando del Gral. Mitre, en medio de estas luchas políticas, del fraude y de las traiciones, librado a su suerte, sólo le quedará la opción de la muerte.
651 #4 - PUNTO DE ACCESO ADICIONAL DE MATERIA--NOMBRE GEOGRÁFICO
Nombre geográfico Argentina
653 ## - TÉRMINO DE INDIZACIÓN--NO CONTROLADO
Término no controlado CINE ARGENTINO
653 ## - TÉRMINO DE INDIZACIÓN--NO CONTROLADO
Término no controlado VIDEOS
905 ## - ELEMENTOS DE DATOS E LOCAL, LDE (RLIN)
a 16385
942 ## - ELEMENTOS DE PUNTO DE ACCESO ADICIONAL (KOHA)
Tipo de ítem Koha
Existencias
Estado de retiro Estado de pérdida Estado dañado No para préstamo Código de colección Localización permanente Ubicación/localización actual Fecha de adquisición Total de préstamos Signatura topográfica completa Código de barras Fecha visto por última vez Precio válido a partir de Tipo de ítem Koha
        Colección Cine Biblioteca Universidad Nacional de General Sarmiento Biblioteca Universidad Nacional de General Sarmiento 02/02/2021   302.5 118jua 00018152 02/02/2021 02/02/2021 Video